Directorio de bibliotecas españolas / (Record no. 5682)

MARC details
000 -LEADER
campo de control de longitud fija 00840nam a2200241 i 4500
001 - NÚMERO DE CONTROL
campo de control 5682
003 - IDENTIFICADOR DE NÚMERO DE CONTROL
campo de control ES-MaACL
005 - FECHA Y HORA DE LA ÚLTIMA TRANSACCIÓN
campo de control 20230906144647.0
007 - CAMPO FIJO DE DESCRIPCIÓN FÍSICA--INFORMACIÓN GENERAL
campo de control de longitud fija t|
008 - DATOS DE LONGITUD FIJA--INFORMACIÓN GENERAL
campo de control de longitud fija 890420s1988 sp ||||1| spa d
020 ## - NÚMERO INTERNACIONAL ESTÁNDAR DEL LIBRO
Número Internacional Estándar del Libro 84-7483-495-3
080 ## - NÚMERO DE LA CLASIFICACIÓN DECIMAL UNIVERSAL
Número de la Clasificación Decimal Universal 058.7:027(46)
080 ## - NÚMERO DE LA CLASIFICACIÓN DECIMAL UNIVERSAL
Número de la Clasificación Decimal Universal 027:058.7(46)
245 00 - MENCIÓN DEL TÍTULO
Título Directorio de bibliotecas españolas /
Mención de responsabilidad, etc. [dirección, Alicia Girón García ; dirección técnica, Concepción Molina Peralta].
260 ## - PUBLICACIÓN, DISTRIBUCIÓN, ETC.
Lugar de publicación, distribución, etc. Madrid :
Nombre del editor, distribuidor, etc. Ministerio de Cultura,
Fecha de publicación, distribución, etc. 1988.
300 ## - DESCRIPCIÓN FÍSICA
Extensión 529 p. ;
Dimensiones 30 cm.
650 14 - PUNTO DE ACCESO ADICIONAL DE MATERIA--TÉRMINO DE MATERIA
Término de materia o nombre geográfico como elemento de entrada Bibliotecas-
Subdivisión geográfica España-
Subdivisión de forma Directorios.
9 (RLIN) 10536
700 1# - ENTRADA AGREGADA--NOMBRE PERSONAL
Nombre de persona Girón García, Alicia.
9 (RLIN) 57272
700 1# - ENTRADA AGREGADA--NOMBRE PERSONAL
Nombre de persona Molina Peralta, Concepcion,
Término indicativo de función/relación
9 (RLIN) 194880
710 1# - ENTRADA AGREGADA--NOMBRE DE ENTIDAD CORPORATIVA
Nombre de entidad corporativa o nombre de jurisdicción como elemento de entrada España.
Unidad subordinada Dirección General del Libro y Bibliotecas.
9 (RLIN) 3788
852 ## - LOCALIZACIÓN
Ubicación ES-MaACL
Número de control de estantería L-12570
Sublocalización o colección R.116341
Nota libre . - rust.
Holdings
Estatus retirado Estado de pérdida Estado de daño No para préstamo Biblioteca de origen Biblioteca actual Ubicación en estantería Fecha de adquisición Fuente de adquisición Total de préstamos Signatura topográfica completa Código de barras Visto por última vez Precio de reemplazo Tipo de ítem Koha
        Biblioteca del Ateneo de Madrid Biblioteca del Ateneo de Madrid Depósito 2 17/01/2008     L-12570 1005763 23/02/2023 23/02/2023 Libro impreso